| 000 | 00402nam a2200169Ia 4500 | ||
|---|---|---|---|
| 005 | 20241127020808.0 | ||
| 008 | 240331s9999 xx 000 0 und d | ||
| 082 |
_bKAI _a894 |
||
| 100 | _aKailasapathy, K | ||
| 245 | 0 | _aOn Bharathi | |
| 260 |
_aMadras _bNew Century Book House Private Ltd., _c1987 |
||
| 300 | _aX, 58 P ., | ||
| 650 | _aArt | ||
| 650 | _aLiterature | ||
| 650 | _aEssays | ||
| 942 | _cL | ||
| 999 |
_c3410 _d3410 |
||